| Поле | Название | Значение |
| |
Тип записи |
a |
| |
Библиографический уровень |
m |
| 001 |
Контрольный номер |
RU/IS/BASE/360847949 |
| 005 |
Дата корректировки |
20201206204805.9 |
| 010 |
Индекс ISBN |
__ |
| a |
ISBN |
978-5-389-01303-2 |
| d |
Цена |
141-02 |
| 101 |
Язык документа |
__ |
| a |
Язык текста |
rus |
| c |
Язык оригинала |
ger |
| 200 |
Заглавие и сведения об ответственности |
1_ |
| a |
Заглавие |
Обман Зельба |
| e |
Сведения, относящиеся к заглавию |
[роман] |
| f |
Первые сведения об ответственности |
Бернхард Шлинк ; [пер. с нем. Романа Эйвадиса] |
| b |
Общее обозначение материала |
Текст |
| 210 |
Выходные данные |
__ |
| a |
Место издания |
СПб. |
| c |
Издательство |
Азбука |
| d |
Дата издания |
2011 |
| 215 |
Физическое описание |
__ |
| a |
Объем |
317, [3] с. |
| 330 |
Аннотация |
__ |
| a |
Аннотация |
Герхард Зельб, харизматичный частный сыщик, берется за дело, которое только на первый взгляд кажется незамысловатым, сугубо частным расследованием. Поиски пропавшей девушки по просьбе человека, назвавшегося ее отцом, оборачиваются настоящим авантюрным детективом, в котором причудливо переплетаются любовь и политика, идеализм и терроризм, настоящее и прошлое, обман и самообман. Как тонко подметил умница Зельб, «все убийства совершаются ради оправдания того или иного самообмана», в чем предстоит убедиться читателям второго романа серии, красноречиво названного «Обман Зельба». |
| 606 |
Тематические рубрики |
__ |
| a |
Основная рубрика |
Художественная литература |
| 606 |
Тематические рубрики |
__ |
| a |
Основная рубрика |
Литература Европы (произведения) |
| 610 |
Ключевые слова |
__ |
| a |
Ключевые слова |
зарубежная литература; иностранная литература; немецкая литература; романы; современная проза; тема жизни; тема судьбы; тема приключений; тема преступлений; тема расследований; тема обмана; тема убийств |
| 686 |
Индексы других классификаций |
__ |
| a |
Классификационный индекс |
84(4Гем)-4 |
| 700 |
Автор |
_1 |
| a |
Фамилия |
Шлинк |
| b |
Имя |
Б. |
| g |
Полное личное имя |
Бернхард |
| 4 |
Код отношения |
070 |
| 702 |
Вторичная интеллектуальная ответственность |
_1 |
| a |
Фамилия |
Эйвадис |
| b |
Имя |
Р. |
| 4 |
Код отношения |
Переводчик |
| 801 |
Источник записи |
_0 |
| a |
Страна |
RU |
| b |
Организация |
Муниципальное бюджетное учреждение культуры "Централизованная библиотечная система" г. Сургут (Центральная городская библиотека им. А. С. Пушкина) |
| g |
Правила каталогизации |
КиК/Поспелова |
| 801 |
Источник записи |
_1 |
| a |
Страна |
RU |
| b |
Организация |
Муниципальное бюджетное учреждение культуры "Централизованная библиотечная система" г. Сургут (Центральная городская библиотека им. А. С. Пушкина) |
| g |
Правила каталогизации |
КиК/Поспелова |
| 852 |
Данные о местонахождении |
__ |
| j |
Шифр хранения |
84(4Гем)-4 |
| i |
Авторский знак |
Ш 69 |
| 901 |
Тип документа |
__ |
| t |
Тип документа |
m |
| 903 |
Характеристики (МАРС) |
__ |
| a |
Дата передачи |
20110608 |
| 990 |
Данные о заказе (DOS) |
__ |
| j |
Количество экземпляров (DOS) |
8 |
| t |
N записи в КСУ для И/У (DOS) |
201107 |